| 000 | 02576nam0a2200361 4500 | ||
|---|---|---|---|
| 001 | RU\NLR\BIBL_A\022568868 | ||
| 005 | 20250806155823.0 | ||
| 010 |
_a978-5-6053467-0-8 _935 |
||
| 021 |
_aRU _bКН-П-25-024205 _9КН-П-25-2416 |
||
| 035 | _a(NLR Aleph) 022568868 | ||
| 090 |
_a13461569 _c13461569 |
||
| 100 | _a20250618d2025 k y0rusy50 ca | ||
| 101 | 0 | _arus | |
| 102 | _aRU | ||
| 105 | _ay|||z|||100yy | ||
| 181 | 0 |
_ai4 _baxxe |
|
| 182 | 0 | _an | |
| 200 | 1 |
_aИмя в истории библиотеки _eсборник материалов межрегионального онлайн-вебинара среди именных специальных библиотек РФ для слепых, г. Якутск, 16 октября 2024 года _fМинистерство культуры и духовного развития Республики Саха (Якутия), Государственное казенное учреждение Республики Саха (Якутия) "Якутская республиканская специальная библиотека для незрячих и слабовидящих имени И. Н. Егорова-Горного" _gредакционная коллегия: А. С. Корнилова (отв. редактор) [и др.] |
|
| 203 |
_aТекст _bвизуальный _cнепосредственный |
||
| 210 |
_aЯкутск _cОфсет _d2025 |
||
| 215 |
_a68 с. _d20 |
||
| 320 | _aБиблиогр. в конце ст. | ||
| 606 | 1 |
_aБиблиотеки для слепых _jСъезды, совещания и т.п _xОрганизация работы _yРоссийская Федерация _92328880 _3RU\NLR\AUTH\6601617123 |
|
| 686 | 1 | _aЧ734(2Р)728я431 | |
| 702 | 1 |
_aКорнилова _bА. С. _gАйталина Семеновна _4340 |
|
| 711 | 1 | 2 |
_a"Имя в истории библиотеки", межрегиональный онлайн-вебинар среди именных специальных библиотек РФ для слепых _eЯкутск _f2024 _92669899 _3RU\NLR\AUTH\880629019 |
| 712 | 0 | 2 |
_4557 _aЯкутская республиканская специальная библиотека для незрячих и слабовидящих им. И. Н. Егорова - Горного _92669900 _3RU\NLR\AUTH\880629020 |
| 942 | _cBOOK | ||
| 980 | _aNB | ||